[Event "Mitropa Cup 12th"]
[Site "Aosta"]
[Date "1988.??.??"]
[Round "?"]
[White "Schlueter, Wolfgang"]
[Black "Fauland, Alexander"]
[Result "0-1"]
[WhiteElo "2245"]
[BlackElo "2390"]
[PlyCount "40"]
[EventDate "1988.06.??"]
[EventType "team-tourn"]
[EventRounds "11"]
[EventCountry "ITA"]
[Source "ChessBase"]
[SourceDate "1994.03.01"]

1. c4 e5 2. Nc3 Nf6 3. g3 Nc6 4. Bg2 Bb4 5. Nf3 O-O 6. e3 Bxc3 7. bxc3 e4 8.
Nd4 Ne5 9. Qb3 c5 10. Nc2 d6 11. O-O Be6 12. Na3 Rb8 13. Qc2 Qd7 14. f3 exf3
15. Bxf3 Bf5 16. Qd1 Nxf3+ 17. Qxf3 Bd3 18. Re1 Rfe8 19. Bb2 Ne4 20. Red1 Ng5
0-1

[Event "Mitropa Cup 12th"]
[Site "Aosta"]
[Date "1988.??.??"]
[Round "?"]
[White "Schlueter, Wolfgang"]
[Black "Miralles, Gilles"]
[Result "1-0"]
[WhiteElo "2245"]
[BlackElo "2430"]
[PlyCount "81"]
[EventDate "1988.06.??"]
[EventType "team-tourn"]
[EventRounds "11"]
[EventCountry "ITA"]
[Source "ChessBase"]
[SourceDate "1994.03.01"]

1. c4 e5 2. Nc3 Nf6 3. g3 d5 4. cxd5 Nxd5 5. Bg2 Nb6 6. d3 Be7 7. Nf3 Nc6 8.
O-O O-O 9. a3 Be6 10. b4 f6 11. Rb1 Qd7 12. Ne4 Nd5 13. Bd2 a5 14. Nc5 Bxc5 15.
bxc5 Rab8 16. Qa4 Rfd8 17. Rfc1 Nde7 18. Rb2 Bd5 19. Rcb1 Qc8 20. Bc3 Kh8 21.
Nd2 Bxg2 22. Kxg2 Nd5 23. Qc2 Qg4 24. Nc4 e4 25. dxe4 Nf4+ 26. Kh1 Ne6 27. Rxb7
Ra8 28. Ne3 Qh5 29. Qb2 Qxc5 30. Bxf6 Rf8 31. Rc1 Qd6 32. Nf5 Qd7 33. Bxg7+
Nxg7 34. Qxg7+ Qxg7 35. Nxg7 Nd4 36. Rcxc7 Rxf2 37. Nh5 Ne6 38. Rxh7+ Kg8 39.
Rhe7 Rd8 40. Rbd7 Rc8 41. Kg1 1-0

[Event "Mitropa Cup 12th"]
[Site "Aosta"]
[Date "1988.??.??"]
[Round "?"]
[White "Schlueter, Wolfgang"]
[Black "Podlesnik, Bogdan"]
[Result "0-1"]
[WhiteElo "2245"]
[BlackElo "2345"]
[PlyCount "52"]
[EventDate "1988.06.??"]
[EventType "team-tourn"]
[EventRounds "11"]
[EventCountry "ITA"]
[Source "ChessBase"]
[SourceDate "1994.03.01"]

1. f4 c5 2. Nf3 Nf6 3. d3 d5 4. e3 Nc6 5. Be2 e6 6. O-O Bd6 7. Qe1 e5 8. fxe5
Nxe5 9. h3 Qe7 10. d4 Nxf3+ 11. Bxf3 Bc7 12. Qf2 O-O 13. Nc3 Be6 14. e4 dxe4
15. Nxe4 Nxe4 16. Bxe4 cxd4 17. Bxb7 Rab8 18. Bf3 Qd6 19. Rd1 Qh2+ 20. Kf1 Rfe8
21. b3 Bc8 22. Bd5 Ba6+ 23. Bc4 Bxc4+ 24. bxc4 Rb6 25. Rd3 Qh1+ 26. Qg1 Re1+
0-1

[Event "Mitropa Cup 12th"]
[Site "Aosta"]
[Date "1988.??.??"]
[Round "?"]
[White "Schlueter, Wolfgang"]
[Black "Wahls, Matthias"]
[Result "0-1"]
[WhiteElo "2245"]
[BlackElo "2440"]
[PlyCount "64"]
[EventDate "1988.06.??"]
[EventType "team-tourn"]
[EventRounds "11"]
[EventCountry "ITA"]
[Source "ChessBase"]
[SourceDate "1994.03.01"]

1. c4 Nf6 2. Nc3 c5 3. g3 e6 4. Bg2 d5 5. cxd5 exd5 6. Qb3 c4 7. Qc2 Nc6 8. Nf3
Nb4 9. Qa4+ Bd7 10. Qd1 Be7 11. a3 Nc6 12. d4 Na5 13. Bg5 Nb3 14. Ra2 Be6 15.
Bxf6 Bxf6 16. e3 O-O 17. Nd2 Nxd2 18. Kxd2 Qd7 19. h4 b5 20. h5 Be7 21. Qc2 a5
22. Rha1 Rab8 23. Qd1 Rfd8 24. f4 b4 25. axb4 axb4 26. Ne2 Bg4 27. Ra7 Qe6 28.
R1a6 c3+ 29. Kd3 Bf5+ 30. e4 Bxe4+ 31. Ke3 Bd6 32. Bxe4 cxb2 0-1

[Event "Mitropa Cup 12th"]
[Site "Aosta"]
[Date "1988.??.??"]
[Round "?"]
[White "Sharif, Mershad"]
[Black "Mantovani, Renzo"]
[Result "1-0"]
[WhiteElo "2450"]
[BlackElo "2410"]
[PlyCount "73"]
[EventDate "1988.06.??"]
[EventType "team-tourn"]
[EventRounds "11"]
[EventCountry "ITA"]
[Source "ChessBase"]
[SourceDate "1994.03.01"]

1. e4 c5 2. Nf3 d6 3. Bb5+ Nd7 4. d4 Ngf6 5. Nc3 cxd4 6. Qxd4 g6 7. e5 dxe5 8.
Nxe5 Bg7 9. Bg5 O-O 10. O-O-O Qa5 11. Nc4 Qc7 12. Rhe1 Qxh2 13. Rxe7 a6 14.
Bxd7 Nxd7 15. Qe3 b5 16. Qf3 Rb8 17. Bf4 Bh6 18. Bxh6 Qxh6+ 19. Ne3 Bb7 20.
Ncd5 Bxd5 21. Rxd5 Nb6 22. Rd6 Nc8 23. Red7 Nxd6 24. Rxd6 Rbd8 25. Qf6 Rxd6 26.
Qxd6 Qh1+ 27. Kd2 Qh4 28. Ke2 Rd8 29. Qxa6 Qd4 30. Qxb5 Qd2+ 31. Kf3 h5 32. Qe5
Qd7 33. c4 Qc8 34. b3 Rd3 35. Ke2 Qd7 36. Nd5 Rxd5 37. Qxd5 1-0

[Event "Mitropa Cup 12th"]
[Site "Aosta"]
[Date "1988.??.??"]
[Round "?"]
[White "Sharif, Mershad"]
[Black "Mossong, Hubert"]
[Result "0-1"]
[WhiteElo "2450"]
[BlackElo "2205"]
[PlyCount "81"]
[EventDate "1988.06.??"]
[EventType "team-tourn"]
[EventRounds "11"]
[EventCountry "ITA"]
[Source "ChessBase"]
[SourceDate "1994.03.01"]

1. e4 c5 2. Nf3 Nc6 3. d4 cxd4 4. Nxd4 Nf6 5. Nc3 e5 6. Ndb5 d6 7. Bg5 a6 8.
Na3 Be6 9. Nc4 Rc8 10. Bxf6 gxf6 11. Bd3 Rg8 12. O-O Bh6 13. Ne3 Bxe3 14. fxe3
Qb6 15. Qf3 Nb4 16. Rf2 Rg6 17. Rd2 Rxc3 18. bxc3 Nxa2 19. c4 Nc3 20. Kh1 Bg4
21. Qf1 Qxe3 22. Qf2 Qxf2 23. Rxf2 Bd7 24. Ra3 Na4 25. Be2 Nc5 26. Bf3 Ke7 27.
Ra1 Be6 28. Rd2 Rg8 29. Kg1 Bxc4 30. Kf2 b6 31. Ke3 a5 32. Rad1 Rd8 33. Be2
Bxe2 34. Rxe2 b5 35. Rf2 b4 36. Rdf1 Nd7 37. g4 h6 38. h4 Rg8 39. Ra1 Rxg4 40.
Ke2 Rxe4+ 41. Kf3 0-1

[Event "Mitropa Cup 12th"]
[Site "Aosta"]
[Date "1988.??.??"]
[Round "?"]
[White "Stull, Norbert"]
[Black "Landenbergue, Claude"]
[Result "0-1"]
[WhiteElo "2270"]
[BlackElo "2375"]
[PlyCount "80"]
[EventDate "1988.06.??"]
[EventType "team-tourn"]
[EventRounds "11"]
[EventCountry "ITA"]
[Source "ChessBase"]
[SourceDate "1994.03.01"]

1. d4 e6 2. Nf3 Nf6 3. c4 Bb4+ 4. Bd2 Qe7 5. g3 Nc6 6. Bg2 Bxd2+ 7. Nbxd2 d6 8.
O-O a5 9. e4 e5 10. d5 Nb8 11. Ne1 O-O 12. Nd3 Na6 13. f4 exf4 14. gxf4 Nd7 15.
Qf3 Qf6 16. Kh1 Nb4 17. e5 dxe5 18. Ne4 Qe7 19. c5 Nxd5 20. Ng3 Nxf4 21. Nxf4
exf4 22. Rae1 Qxc5 23. Qxf4 Nf6 24. Re5 Qb4 25. Qg5 h6 26. Qc1 Qd6 27. Rc5 c6
28. Nf5 Bxf5 29. Rcxf5 Ng4 30. R5f4 Ne5 31. Be4 Rad8 32. Qc3 f6 33. Qxa5 Qd2
34. Qb6 Rd7 35. Qb3+ Kh8 36. Qe6 Qd6 37. Qf5 g6 38. Qh3 Kg7 39. Qg3 g5 40. Rh4
Ng6 0-1

[Event "Mitropa Cup 12th"]
[Site "Aosta"]
[Date "1988.??.??"]
[Round "?"]
[White "Stull, Norbert"]
[Black "Tatai, Stefano"]
[Result "0-1"]
[WhiteElo "2270"]
[BlackElo "2380"]
[PlyCount "60"]
[EventDate "1988.06.??"]
[EventType "team-tourn"]
[EventRounds "11"]
[EventCountry "ITA"]
[Source "ChessBase"]
[SourceDate "1994.03.01"]

1. d4 Nf6 2. Nf3 e6 3. Bg5 h6 4. Bh4 b6 5. e3 Bb7 6. Bd3 d5 7. O-O Nbd7 8. c4
Be7 9. Nc3 O-O 10. Rc1 c5 11. Qe2 Ne4 12. Bxe7 Qxe7 13. cxd5 exd5 14. Ba6 Ndf6
15. Ne5 Nxc3 16. Rxc3 c4 17. Bxb7 Qxb7 18. b3 b5 19. bxc4 bxc4 20. f3 Rfe8 21.
Rcc1 Rab8 22. Qc2 Nd7 23. Rb1 Qc7 24. Nxd7 Qxd7 25. Rxb8 Rxb8 26. Rb1 Rxb1+ 27.
Qxb1 Qc7 28. e4 c3 29. Kf2 dxe4 30. fxe4 Qf4+ 0-1

[Event "Mitropa Cup 12th"]
[Site "Aosta"]
[Date "1988.??.??"]
[Round "?"]
[White "Wahls, Matthias"]
[Black "Boudre, Jean Pierre"]
[Result "1-0"]
[WhiteElo "2440"]
[BlackElo "2320"]
[PlyCount "67"]
[EventDate "1988.06.??"]
[EventType "team-tourn"]
[EventRounds "11"]
[EventCountry "ITA"]
[Source "ChessBase"]
[SourceDate "1994.03.01"]

1. e4 e5 2. Nf3 Nc6 3. Bb5 a6 4. Bxc6 dxc6 5. O-O f6 6. d4 Bg4 7. c3 exd4 8.
cxd4 c5 9. h3 Bh5 10. Qb3 cxd4 11. Qxb7 Bxf3 12. Qc6+ Kf7 13. gxf3 Bd6 14. f4
Ne7 15. Qc4+ Kf8 16. Qxd4 Ng6 17. Rd1 Qc8 18. f5 Ne5 19. Qc3 g5 20. Na3 Rg8 21.
Kg2 g4 22. h4 Ke7 23. Nc4 g3 24. f3 Nxc4 25. Qxc4 Rb8 26. b3 Rb4 27. Qc3 Qb7
28. Bb2 Be5 29. Qd3 Qb6 30. Qd7+ Kf8 31. Qd8+ Kg7 32. Qd2 Rd8 33. Qe1 Rxd1 34.
Rxd1 1-0

[Event "Mitropa Cup 12th"]
[Site "Aosta"]
[Date "1988.??.??"]
[Round "?"]
[White "Wahls, Matthias"]
[Black "Mohr, Georg"]
[Result "1/2-1/2"]
[WhiteElo "2440"]
[BlackElo "2460"]
[PlyCount "87"]
[EventDate "1988.06.??"]
[EventType "team-tourn"]
[EventRounds "11"]
[EventCountry "ITA"]
[Source "ChessBase"]
[SourceDate "1994.03.01"]

1. e4 Nc6 2. Nf3 d6 3. d4 Nf6 4. Nc3 Bg4 5. Be3 e5 6. d5 Nb8 7. Be2 Bxf3 8.
Bxf3 Be7 9. g3 c6 10. O-O Na6 11. a4 Nc7 12. a5 cxd5 13. exd5 O-O 14. Be2 Nd7
15. Qd2 f5 16. f3 g5 17. g4 f4 18. Bf2 Nf6 19. Ne4 Nxe4 20. fxe4 f3 21. Bd1 Qd7
22. Bg3 Qxg4 23. Qe3 Qh5 24. Bxf3 g4 25. Be2 Qg6 26. Rxf8+ Rxf8 27. Rf1 Rxf1+
28. Bxf1 h5 29. Qxa7 h4 30. Qb8+ Kf7 31. Bxh4 Bxh4 32. Qxc7+ Be7 33. Bd3 g3 34.
Qd7 gxh2+ 35. Kxh2 Qh6+ 36. Qh3 Qd2+ 37. Qg2 Qxa5 38. Be2 Bf6 39. c3 Qb6 40.
Bh5+ Ke7 41. Qg6 Qf2+ 42. Kh3 Qf1+ 43. Kh2 Qf2+ 44. Kh3 1/2-1/2

[Event "Mitropa Cup 12th"]
[Site "Aosta"]
[Date "1988.??.??"]
[Round "?"]
[White "Wahls, Matthias"]
[Black "Tatai, Stefano"]
[Result "1/2-1/2"]
[WhiteElo "2440"]
[BlackElo "2380"]
[PlyCount "54"]
[EventDate "1988.06.??"]
[EventType "team-tourn"]
[EventRounds "11"]
[EventCountry "ITA"]
[Source "ChessBase"]
[SourceDate "1994.03.01"]

1. e4 c5 2. Nf3 d6 3. d4 cxd4 4. Nxd4 Nf6 5. Nc3 g6 6. Be3 Bg7 7. f3 Nc6 8. Qd2
O-O 9. Bc4 Bd7 10. h4 Rc8 11. Bb3 Ne5 12. O-O-O Nc4 13. Bxc4 Rxc4 14. h5 Nxh5
15. g4 Nf6 16. e5 Nxg4 17. fxg4 Bxg4 18. Rdg1 dxe5 19. Rxg4 h5 20. Qe2 Rxd4 21.
Rgg1 Rd6 22. Qg2 Qa5 23. Qxb7 e4 24. Qxe7 Qb4 25. Qxe4 Bxc3 26. Qxb4 Bxb4 27.
c3 Rc6 1/2-1/2

[Event "Mitropa Cup 12th"]
[Site "Aosta"]
[Date "1988.??.??"]
[Round "?"]
[White "Wirthensohn, Heinz"]
[Black "Gostisa, Leon"]
[Result "1/2-1/2"]
[WhiteElo "2425"]
[BlackElo "2420"]
[PlyCount "131"]
[EventDate "1988.06.??"]
[EventType "team-tourn"]
[EventRounds "11"]
[EventCountry "ITA"]
[Source "ChessBase"]
[SourceDate "1994.03.01"]

1. Nf3 Nf6 2. c4 c5 3. Nc3 e6 4. g3 b6 5. Bg2 Bb7 6. O-O d6 7. b3 Be7 8. Bb2
O-O 9. e3 Nbd7 10. Qe2 a6 11. d4 Qc7 12. Rad1 Rfe8 13. e4 cxd4 14. Nxd4 Bf8 15.
Rfe1 g6 16. Qd2 Rad8 17. Re2 Qb8 18. Qe1 Bg7 19. Nc2 Nc5 20. f3 Bc6 21. Kh1 Qc7
22. Ba1 Ba8 23. Ne3 h5 24. Red2 Bc6 25. b4 Na4 26. Nxa4 Bxa4 27. Rc1 Bc6 28.
Bxf6 Bxf6 29. Nd5 Bxd5 30. cxd5 Qb7 31. dxe6 Rxe6 32. Qf1 a5 33. bxa5 bxa5 34.
Bh3 Re5 35. Rcd1 h4 36. Kg2 Rb5 37. Qc4 Rc5 38. Qe2 Qc7 39. Bg4 Kg7 40. f4 Bc3
41. Rc2 hxg3 42. hxg3 Rb8 43. Rdc1 Rb4 44. Qd3 Bb2 45. Rxc5 dxc5 46. Rc4 Rb7
47. Rc2 Bd4 48. Be2 Qb8 49. Qc4 Rb4 50. Qd5 Rb7 51. a4 Rb2 52. Rxb2 Qxb2 53.
Kf3 Qa3+ 54. Kg4 Qxa4 55. f5 Qc2 56. Bc4 Qd1+ 57. Kf4 g5+ 58. Kxg5 f6+ 59. Kf4
Be5+ 60. Ke3 Bd4+ 61. Kf4 Be5+ 62. Ke3 Qxd5 63. Bxd5 Bxg3 64. Bb3 Kf8 65. Kd3
Ke7 66. Kc3 1/2-1/2

[Event "Mitropa Cup 12th"]
[Site "Aosta"]
[Date "1988.??.??"]
[Round "?"]
[White "Wirthensohn, Heinz"]
[Black "Wittmann, Walter"]
[Result "1-0"]
[WhiteElo "2425"]
[BlackElo "2400"]
[PlyCount "63"]
[EventDate "1988.06.??"]
[EventType "team-tourn"]
[EventRounds "11"]
[EventCountry "ITA"]
[Source "ChessBase"]
[SourceDate "1994.03.01"]

1. c4 e5 2. g3 Nc6 3. Bg2 Nf6 4. Nc3 Bb4 5. Nd5 Bc5 6. e3 O-O 7. Ne2 Re8 8. O-O
d6 9. d4 Bb6 10. Nxb6 axb6 11. d5 Ne7 12. e4 Ng6 13. Nc3 Kh8 14. b4 Rf8 15. a4
Ng8 16. Be3 f5 17. exf5 Bxf5 18. c5 bxc5 19. bxc5 Nf6 20. h3 Qd7 21. Kh2 e4 22.
Bd4 dxc5 23. Bxf6 Rxf6 24. g4 Nf4 25. gxf5 Qxf5 26. Nxe4 Rh6 27. Qf3 Rf8 28.
Rad1 Kg8 29. Qd3 Qg4 30. Rg1 Rf5 31. d6 Rfh5 32. Ng5 1-0

[Event "Mitropa Cup 12th"]
[Site "Aosta"]
[Date "1988.??.??"]
[Round "?"]
[White "Wittmann, Walter"]
[Black "Arlandi, Ennio"]
[Result "1/2-1/2"]
[WhiteElo "2400"]
[BlackElo "2405"]
[PlyCount "76"]
[EventDate "1988.06.??"]
[EventType "team-tourn"]
[EventRounds "11"]
[EventCountry "ITA"]
[Source "ChessBase"]
[SourceDate "1994.03.01"]

1. e4 e5 2. Nf3 Nf6 3. Nc3 Nc6 4. Bb5 Bb4 5. O-O O-O 6. Bxc6 dxc6 7. d3 Re8 8.
Ne2 Bg4 9. Ng3 Nh5 10. h3 Nxg3 11. fxg3 Bd7 12. Qe2 Bf8 13. Be3 b6 14. g4 h6
15. Qf2 f6 16. Nh4 Kh7 17. Qg3 c5 18. Rf2 Be6 19. b3 a5 20. a4 g6 21. Nf3 Bg7
22. Raf1 Qd7 23. g5 hxg5 24. Bxg5 Rh8 25. Be3 Qe7 26. Nh4 Bf7 27. Bg5 fxg5 28.
Rxf7 gxh4 29. Qg4 Qe8 30. R1f6 Kg8 31. Qxg6 Rh7 32. g3 Kh8 33. Re6 Qg8 34. Rxc7
Rf8 35. g4 Rf3 36. Kg2 Qf8 37. Re8 Rf2+ 38. Kg1 Rf1+ 1/2-1/2

[Event "Mitropa Cup 12th"]
[Site "Aosta"]
[Date "1988.??.??"]
[Round "?"]
[White "Wittmann, Walter"]
[Black "Feller, Joseph"]
[Result "1-0"]
[WhiteElo "2400"]
[BlackElo "2205"]
[PlyCount "85"]
[EventDate "1988.06.??"]
[EventType "team-tourn"]
[EventRounds "11"]
[EventCountry "ITA"]
[Source "ChessBase"]
[SourceDate "1994.03.01"]

1. e4 c5 2. Nf3 Nf6 3. Nc3 d5 4. exd5 Nxd5 5. Bb5+ Bd7 6. Qe2 Nxc3 7. dxc3 e6
8. Ne5 Nc6 9. Bxc6 Bxc6 10. Nxc6 bxc6 11. Bf4 Be7 12. O-O O-O 13. Be5 Re8 14.
Rfd1 Qb6 15. c4 Rad8 16. Qg4 g6 17. h4 Rxd1+ 18. Rxd1 Rd8 19. Re1 Rd7 20. h5
Qd8 21. Qf3 f6 22. hxg6 hxg6 23. Bg3 e5 24. Qxc6 Rd1 25. Qe4 Rxe1+ 26. Qxe1 Qd4
27. b3 Qb2 28. Qe4 f5 29. Qd5+ Kf8 30. Bxe5 Qc1+ 31. Kh2 Qh6+ 32. Kg3 Qh4+ 33.
Kf3 Qg4+ 34. Ke3 Bg5+ 35. f4 Qg3+ 36. Qf3 Qe1+ 37. Kd3 Bd8 38. Bc3 Qb1 39. a4
Qc1 40. g3 Qg1 41. Ke2 g5 42. Qd5 Ke8 43. Qe6+ 1-0

[Event "Mitropa Cup 12th"]
[Site "Aosta"]
[Date "1988.??.??"]
[Round "?"]
[White "Wittmann, Walter"]
[Black "Gostisa, Leon"]
[Result "0-1"]
[WhiteElo "2400"]
[BlackElo "2420"]
[PlyCount "78"]
[EventDate "1988.06.??"]
[EventType "team-tourn"]
[EventRounds "11"]
[EventCountry "ITA"]
[Source "ChessBase"]
[SourceDate "1994.03.01"]

1. e4 c5 2. Nf3 Nc6 3. d4 cxd4 4. Nxd4 Qb6 5. Nb3 Nf6 6. Nc3 e6 7. Bd3 a6 8.
O-O d6 9. Be3 Qc7 10. f4 Be7 11. Qf3 O-O 12. Rae1 Nb4 13. Kh1 b5 14. Qg3 Bb7
15. e5 Nh5 16. Qg4 Nxd3 17. cxd3 g6 18. Nd2 b4 19. Nce4 dxe5 20. Rc1 Qb8 21.
Bc5 Bxc5 22. Nxc5 Nxf4 23. Rxf4 exf4 24. Qg5 f6 25. Qg4 f5 26. Qe2 Bd5 27. Nf3
Bxf3 28. Qxe6+ Kh8 29. Nd7 Bxg2+ 30. Kxg2 Qb7+ 31. Kf2 Rae8 32. Qd6 Rf7 33.
Qd4+ Rg7 34. Nf6 Rf8 35. Rc5 Qe7 36. Nd5 Qh4+ 37. Kf1 Re8 38. Nxf4 Re1+ 39. Kg2
Qg4+ 0-1

[Event "Mitropa Cup 12th"]
[Site "Aosta"]
[Date "1988.??.??"]
[Round "?"]
[White "Zueger, Beat"]
[Black "Mantovani, Renzo"]
[Result "1-0"]
[WhiteElo "2470"]
[BlackElo "2410"]
[PlyCount "103"]
[EventDate "1988.06.??"]
[EventType "team-tourn"]
[EventRounds "11"]
[EventCountry "ITA"]
[Source "ChessBase"]
[SourceDate "1994.03.01"]

1. d4 c5 2. d5 e5 3. e4 d6 4. a4 a6 5. a5 Be7 6. Nf3 f5 7. exf5 Bxf5 8. Nc3 e4
9. Nd2 Nf6 10. Be2 Nbd7 11. Nc4 O-O 12. g4 Bg6 13. g5 Ne8 14. h4 Nc7 15. Be3
Nb5 16. Na4 Qc7 17. Nab6 Rae8 18. c3 Bd8 19. Bg4 Bf5 20. Bh5 g6 21. Be2 Rf7 22.
Qd2 Nf8 23. O-O-O Qe7 24. h5 Bxb6 25. axb6 Nd7 26. Rh4 Qd8 27. hxg6 hxg6 28.
Rdh1 Rg7 29. Bg4 Bxg4 30. Rxg4 Nxb6 31. Nxb6 Qxb6 32. Rgh4 Qd8 33. Bxc5 Qd7 34.
Bd4 Nxd4 35. Qxd4 Re5 36. Rh8+ Kf7 37. Rb8 Re8 38. Qf6+ Kg8 39. Rxe8+ Qxe8 40.
Qxd6 e3 41. Qh2 e2 42. Qh8+ Kf7 43. Qxe8+ Kxe8 44. Re1 Kd7 45. Rxe2 Rf7 46. Re6
Rxf2 47. Rxg6 a5 48. Rg7+ Kc8 49. d6 Rg2 50. g6 a4 51. Rc7+ Kb8 52. g7 1-0

[Event "Mitropa Cup 12th"]
[Site "Aosta"]
[Date "1988.??.??"]
[Round "?"]
[White "Zueger, Beat"]
[Black "Sharif, Mershad"]
[Result "1/2-1/2"]
[WhiteElo "2470"]
[BlackElo "2450"]
[PlyCount "86"]
[EventDate "1988.06.??"]
[EventType "team-tourn"]
[EventRounds "11"]
[EventCountry "ITA"]
[Source "ChessBase"]
[SourceDate "1994.03.01"]

1. d4 Nf6 2. c4 e6 3. Nc3 Bb4 4. e3 b6 5. Nge2 c5 6. a3 Ba5 7. Rb1 Qe7 8. Bd2
O-O 9. b4 cxb4 10. axb4 Bxb4 11. Rxb4 Qxb4 12. Nd5 Nxd5 13. Bxb4 Nxb4 14. Nc3
N8c6 15. Be2 d5 16. O-O dxc4 17. Bxc4 Na5 18. Qa4 Nxc4 19. Qxb4 Na5 20. e4 Bd7
21. d5 Nb7 22. f4 Nc5 23. f5 exf5 24. exf5 f6 25. Ne2 Nd3 26. Qb3 Ne5 27. Nd4
Rfc8 28. Ne6 Rc4 29. h3 Kf7 30. Qg3 Rg8 31. Re1 g6 32. Ng5+ fxg5 33. Qxe5 Re8
34. fxg6+ hxg6 35. Rf1+ Bf5 36. Rxf5+ gxf5 37. Qxf5+ Ke7 38. Qxg5+ Kd7 39. Qf5+
Kd6 40. Qg6+ Kd7 41. Qg5 Kd6 42. Qg6+ Kd7 43. d6 Rce4 1/2-1/2

[Event "Mitropa Cup 13th"]
[Site "Leibnitz"]
[Date "1990.??.??"]
[Round "1"]
[White "Groszpeter, Attila"]
[Black "Arlandi, Ennio"]
[Result "0-1"]
[WhiteElo "2555"]
[BlackElo "2400"]
[Annotator "Ftacnik,L"]
[PlyCount "64"]
[EventDate "1990.09.??"]
[EventType "team-tourn"]
[EventRounds "7"]
[EventCountry "AUT"]
[Source "ChessBase"]
[SourceDate "1991.02.01"]

1. d4 d5 2. c4 e6 3. Nc3 Be7 4. Nf3 Nf6 5. Bg5 O-O 6. e3 h6 7. Bxf6 Bxf6 8. Qd2
dxc4 9. Bxc4 c5 10. O-O cxd4 (10... Nd7 11. Rfd1 cxd4 12. Nxd4 Nb6 13. Be2 Bd7
14. Bf3 Qb8 15. Ne4 Be7 $10 {Orlov,G-Kruppa,Y/Podolsk GMA-qual/1989/  ->TD89_07
}) 11. exd4 Nd7 12. Rad1 Nb6 13. Bb3 Bd7 14. Ne5 (14. d5 exd5 15. Nxd5 Nxd5 16.
Bxd5 Qb6 17. Bxb7 Qxb7 18. Qxd7 Qxb2 $10) 14... Rc8 (14... Bxe5 15. dxe5 Bc6
16. Qf4 $14) 15. f4 Bc6 16. Qe2 (16. Qd3 $5 {/\Bc2}) 16... Bd5 17. Nxd5 (17.
Bc2 Bxe5 18. fxe5 Qg5) 17... exd5 18. Rd3 Nc4 19. Kh1 b5 20. Rh3 Rc7 21. Bc2
Qc8 (21... Nxb2 22. Bb1 Nc4 23. Qd3 g6 24. Rxh6 $40) 22. Qd3 g6 23. Nxg6 $1
fxg6 (23... Nxb2 24. Ne7+ $18) 24. Qxg6+ Rg7 (24... Bg7 25. Rxh6 Rff7 26. Rh8+
$1 Kxh8 27. Qh7#) 25. Qxh6 Nd6 26. Bh7+ (26. Qh5 Qg4 27. Bh7+ Kh8 28. Qxg4 Rxg4
29. Bf5+ Rh4) 26... Kf7 27. Qh5+ (27. Re1 Qg4) 27... Ke7 28. Qxd5 (28. Re1+ Kd8
29. Qxd5 Rd7) 28... Qe6 29. Qc5 Qe2 $1 30. Qc7+ (30. Rg1 Rc8 $13) 30... Ke6 31.
d5+ $2 $138 (31. f5+ $1 Kd5 32. Qc5+ Ke4 33. Rf4+ Kxf4 34. Qxd6+ Kg5 (34... Be5
35. Rh4+ Rg4 36. Qxe5+ Qxe5 37. Rxg4+ Kxg4 38. dxe5 $18) 35. Qg3+ Qg4 36. Qe3+
Qf4 37. Rg3+ $18) 31... Kxd5 32. Be4+ (32. Rd3+ Qxd3 $19) 32... Nxe4 {Ftacnik,L
} 0-1

[Event "Mitropa Cup 13th"]
[Site "Leibnitz"]
[Date "1990.??.??"]
[Round "1"]
[White "Ilic, Dragan M"]
[Black "Costa, Jean Luc"]
[Result "0-1"]
[WhiteElo "2395"]
[BlackElo "2405"]
[PlyCount "108"]
[EventDate "1990.09.??"]
[EventType "team-tourn"]
[EventRounds "7"]
[EventCountry "AUT"]
[Source "ChessBase"]
[SourceDate "1991.02.01"]

1. d4 d5 2. c4 e6 3. Nf3 Nf6 4. Nc3 c5 5. cxd5 Nxd5 6. e4 Nxc3 7. bxc3 cxd4 8.
cxd4 Nc6 9. Bc4 Bb4+ 10. Bd2 Bxd2+ 11. Qxd2 O-O 12. O-O b6 13. Rfd1 Na5 14. Bb5
Bb7 15. Qe2 Qe7 16. Ba6 Rac8 17. Bxb7 Nxb7 18. Rd3 Nd6 19. e5 Nb5 20. Qe3 Rfd8
21. Rad1 Qb4 22. h3 Nc3 23. Re1 h6 24. Nd2 Nd5 25. Qg3 Rc3 26. Rxc3 Qxc3 27.
Nf3 Rc8 28. Qh4 Qd3 29. Re4 Kf8 30. Rg4 Ne7 31. Qh5 Nf5 32. Nh4 Nxd4 33. Kh2
Nf5 34. Nxf5 Qxf5 35. Qxf5 exf5 36. Ra4 Rc7 37. Kg3 Ke7 38. h4 g5 39. hxg5 hxg5
40. Ra3 Ke6 41. f4 gxf4+ 42. Kxf4 Rc4+ 43. Kf3 a5 44. Rb3 Rb4 45. Rxb4 axb4 46.
Kf4 b5 47. g3 b3 48. axb3 b4 49. Kf3 Kxe5 50. Ke3 f6 51. Kd3 f4 52. gxf4+ Kxf4
53. Kc4 Ke3 54. Kxb4 f5 0-1

[Event "Mitropa Cup 13th"]
[Site "Leibnitz"]
[Date "1990.??.??"]
[Round "1"]
[White "Landenbergue, Claude"]
[Black "Cvetkovic, Srdjan"]
[Result "0-1"]
[WhiteElo "2380"]
[BlackElo "2430"]
[Annotator "Ribli"]
[PlyCount "108"]
[EventDate "1990.09.??"]
[EventType "team-tourn"]
[EventRounds "7"]
[EventCountry "AUT"]
[Source "ChessBase"]
[SourceDate "1991.02.01"]

1. c4 e6 2. Nf3 Nf6 3. g3 d5 4. b3 Be7 5. Bg2 O-O 6. O-O b6 7. Bb2 Bb7 8. e3 c5
9. Qe2 Nc6 10. Rd1 dxc4 11. bxc4 Qc7 12. Nc3 a6 13. Rac1 $2 (13. d3 Rab8 14.
Rab1 Na5 15. Ba1 {Damljanovic,B-Cvetkovic,Sr  JUG-ch 1990  CBM/17  49/13})
13... Na5 14. Ba1 Rfd8 15. Rb1 Rab8 16. d3 Bc6 17. a4 Ne8 18. Ne1 Bxg2 19. Kxg2
Nc6 20. f4 Rd7 21. Rd2 Rbd8 22. Nf3 Bf6 23. Ne4 Bxa1 24. Rxa1 Nd6 25. Nc3 f6
26. g4 Nb4 27. Rad1 Qc6 28. e4 Nf7 29. h4 Qc7 30. Qe3 Rd6 31. g5 f5 32. Ne2 Nc6
33. Ng3 Nd4 34. Nxd4 Rxd4 35. exf5 exf5 36. Nxf5 Qxf4 37. Qxf4 Rxf4 38. Rf2
Rxf2+ 39. Kxf2 Ne5 40. Ne7+ Kf7 41. Nd5 b5 42. axb5 axb5 43. Rb1 Nxd3+ 44. Ke2
bxc4 45. Rb7+ Kg6 46. Ne7+ Kh5 47. Nf5 c3 48. Ne3 Nf4+ 49. Kf3 Ne6 50. Re7 Nd4+
51. Ke4 Kxh4 52. Rxg7 Re8+ 53. Kd5 Rxe3 54. Rxh7+ Kxg5 0-1

[Event "Mitropa Cup 13th"]
[Site "Leibnitz"]
[Date "1990.??.??"]
[Round "1"]
[White "Lanzani, Mario"]
[Black "Horvath, Csaba"]
[Result "1/2-1/2"]
[WhiteElo "2345"]
[BlackElo "2480"]
[Annotator "Hertneck"]
[PlyCount "62"]
[EventDate "1990.09.??"]
[EventType "team-tourn"]
[EventRounds "7"]
[EventCountry "AUT"]
[Source "ChessBase"]
[SourceDate "1991.02.01"]

1. d4 {Hertneck} d5 2. c4 c6 3. Nf3 Nf6 4. Nc3 dxc4 5. e4 b5 6. e5 Nd5 7. a4 e6
8. axb5 Nxc3 9. bxc3 cxb5 10. Ng5 Bb7 11. Qh5 g6 12. Qg4 Be7 13. h4 h5 14. Qf4
Bxg5 15. hxg5 Nc6 (15... a5 16. Rb1 $6 Qd5 17. Rh4 Nd7 18. Ba3 O-O-O 19. Bd6 {
19.Qxf7? Nxe5 -/+} Rh7 20. Rh2 $5 f6 $1 21. gxf6 g5 22. Qf3 Qxd6 23. exd6 Bxf3
24. gxf3 {+/= Lematchko,T-Semenova,L [Bad Kissingen izt 1982]}) (15... Na6 16.
Rh4 Rg8 17. g4 hxg4 18. Rh7 Qd7 19. Bg2 $5 Nb4 $1 20. cxb4 Bxg2 21. d5 $5 {/\
Be3-c5 ~/= Vanheste,J-Brenninkmeijer,J [Hilversum NL-ch 1988]}) 16. Rh4 Rg8 17.
g4 hxg4 18. Rh7 Rf8 {/\ 19.Ba3 b4 -/+} 19. Bg2 a5 20. Be4 b4 21. Bxg6 fxg6 22.
Qe4 Ne7 {22...Rf7? 23.Qxg6 Qe7 24.Qh5 /\ g6 +-} 23. Qxb7 Rf7 24. Qb5+ {24.Rh8
Rf8 25.Rh7 Rf7 =} Kf8 25. Rh8+ Ng8 26. Qxc4 Qc8 27. Rxa5 $5 Kg7 (27... Qxc4 28.
Rxa8+ Ke7 29. Rhxg8 {29.Ra7 =} Qc7 $1 {/\ Rh7, /\ Qb7-e4 <=>} 30. d5 $5) 28.
Qxc8 Rxc8 29. Rh4 Rxc3 $10 30. Bd2 Rc4 31. Rb5 Rxd4 1/2-1/2